Viana da Mota: uma contribuição para o estudo da sua personalidade e da sua obra (Registo nº 202049)

Detalhes MARC
000 -Etiqueta do registo
Valores 00799nam 22002173 4500
021 ## - Número do Depósito Legal
Código do país Portugal
Número 19036/87
100 ## - Dados gerais de processamento
Dados gerais 20260506d u||y0pory50 ba
200 ## - Titulo e menção de responsabilidade
Título próprio Viana da Mota: uma contribuição para o estudo da sua personalidade e da sua obra
Primeira menção de responsabilidade João de Freitas Branco; prefácio de António Sérgio
205 ## - Menção da edição
Edição
210 ## - Publicação
Local de publicação [Lisboa]
Nome do editor Fundação Calouste Gulbenkian
Data de publicação 1987
215 ## - Descrição física 
Paginação / Volumes [12], 382, [2] p.
Outras indicações físicas il. ; brochado
Dimensões 21 cm
300 ## - Notas gerais 
Texto da nota Viana da Mota (1868-1948), foi um pianista, compositor, maestro e musicógrafo português
606 ## - Nome comum usado como assunto
ID Autoridade 1250
Palavra de ordem Biografias
675 ## - CDU
Notação 929
Edição PT
Língua por
700 ## - Autor principal (pessoa individual)
ID Autoridade 15609
Apelido Branco
Nome João Freitas
Datas 1922-1989
702 ## - Autor secundário (pessoa individual)
ID Autoridade 1370
Apelido Sérgio
Nome António
Datas 1883-1969
801 ## - Fonte de origem
País PT
Agência BMMN
Regras de catalogação RPC
830 ## - Notas gerais do catalogador
Criado por Vanda
990 ## - Elementos KOHA
Tipo de documento Livro
Exemplares
Situação do levantamento Biblioteca de origem Código de barras Cota Permissão de empréstimo Tipo de documento Forma de aquisição
  Biblioteca Municipal de Montemor-o-Novo 31462 929 MOT|DEP   Livro Compra

Powered by Koha